| 000 | 00864cab a2200253 4500 | ||
|---|---|---|---|
| 001 | WB3445-19 | ||
| 008 | 090401t1998 xxu||||| |||| 00| 0 eng d | ||
| 035 | _a(Sirsi) u89907 | ||
| 041 | _aeng | ||
| 245 | _aQuality of life guide | ||
| 260 | _c1998 | ||
| 350 | _a0 | ||
| 490 |
_aTimes _v24 November 1998, 5 |
||
| 490 |
_aDETR News Release _v(991) 23 November 1998 (7) |
||
| 520 | _aThe latest round of government statistics is intended to give a more rounded picture of modern Britain. The `quality of life barometer` was designed to reflect people`s concerns about health, housing, jobs and the environment. Statistics. | ||
| 650 | _aECONOMIC INDICATORS | ||
| 650 | _aQUALITY OF LIFE | ||
| 650 | _aSKYLARK INDEX | ||
| 650 | _aSTATISTICS | ||
| 650 | _aSUSTAINABLE DEVELOPMENT | ||
| 690 | _aECONOMIC AND SOCIAL | ||
| 942 | _n0 | ||
| 948 | _c24/11/1998 | ||
| 999 |
_c56923 _d56923 |
||